000 01271nam a2200229 a 4500
008 090323s2007 ||||||||||||||||| || u
020 _a9781844074594
050 _aHC 79.E5 SUS
100 _aSmajgl, Alex
245 1 0 _aSustainable resource use: institutional dynamics and economics
_cedited by Alex Smajgl and Silva Larson
260 _aLondon:
_bEarthscan
_c2007
300 _aix, 278p.: ill.
350 _a0.00
650 _aNATURAL RESOURCES--MANAGEMENT
650 _aSUSTAINABLE DEVELOPMENT--ARAB REGION
650 0 _aECONOMICS
700 _aLarson, Silva
995 _aMAIN LIBRARY OPEN ACCESS
_D0.00
_e740828
_FCBU-MAIN LIBRARY (Kitwe)
_H1
_I0.00
_jHC 79.E5 SUS
_M2
_UAVAILABLE
_WMar 17, 2010
_y740828
_ZMain Library Open Access Collection
995 _aMAIN LIBRARY OPEN ACCESS
_D0.00
_e740829
_FCBU-MAIN LIBRARY (Kitwe)
_H1
_I0.00
_jHC 79.E5 SUS
_M3
_UAVAILABLE
_WMar 17, 2010
_y740829
_ZMain Library Open Access Collection
995 _aMAIN LIBRARY OPEN ACCESS
_D0.00
_e741120
_FCBU-MAIN LIBRARY (Kitwe)
_H1
_I0.00
_jHC 79.E5 SUS
_M4
_UAVAILABLE
_WMar 31, 2010
_y741120
_ZMain Library Open Access Collection
995 _aANNEX COLLECTION (Main Library)
_D0.00
_e739864
_FCBU-MAIN LIBRARY (Kitwe)
_H1
_I0.00
_jHC 79.E5 SUS
_M1
_UAVAILABLE
_WApr 16, 2009
_y739864
_ZAnnex Low-Usage Collection
999 _c80872
_d80872